000 00175 a2200097 4500
020 _a9780307474582
041 _aspa
100 _aAnonimo
245 _aTu a Dieta
942 _cBK
999 _c14522
_d14522